00303nam a2200109Ia 4500008004100000082001300041082000800054245010600062245000800168260000800176300000900184231017s9999 xx 000 0 und d a624.1821 bBSI 0a"Specification for Scheduling, Dimensioning, Bending and Cutting of Steel Reinforcement for Concrete" 0cBSI bBSI c30cm